| 000 | 01486cam a22003011i 4500 | ||
|---|---|---|---|
| 003 | Ost | ||
| 005 | 20250916122428.0 | ||
| 008 | 250913s1989 su g b 00010 ara c | ||
| 024 | 0 | _a1352201 | |
| 040 |
_aSA-RiKAPL _bara _cSA-RiAUC _erda |
||
| 082 | 0 | 4 |
_a243 _qSA-RiAUC |
| 090 |
_a243 _bم ر ع |
||
| 100 | 1 |
_aمرعي الكرمي، مرعي بن يوسف بن أبي بكر، _dتوفي 1033 هجري _eمؤلف. |
|
| 245 | 1 | 0 |
_aرفع الشبهة والغرر عمن يحتج على فعل المعاصي بالقدر / _cتأليف مرعي بن يوسف الكرمي الحنبلي ؛ تحقيق أسعد محمد المغربي. |
| 250 | _aالطبعة الأولى. | ||
| 264 | 1 |
_aمكة المكرمة : _bدار حراء، _c[1989] |
|
| 300 |
_a68 صفحة ؛ _c24 سم |
||
| 336 |
_aنص _btxt _2rdacontent _3كتاب |
||
| 337 |
_aبدون وسيط _bn _2rdamedia |
||
| 338 |
_aمجلد _bnc _2rdacarrier |
||
| 504 | _aيشتمل على إرجاعات ببليوجرافية. | ||
| 650 | 7 |
_aعلم الكلام _xدفع مطاعن _2aucsh |
|
| 650 | 7 |
_aالقضاء والقدر _xدفع مطاعن _2aucsh |
|
| 700 | 1 |
_aالمغربي، أسعد محمد _eمحقق. |
|
| 700 | 1 | 2 |
_iتحقيق لـ (عمل) : _aمرعي الكرمي، مرعي بن يوسف بن أبي بكر، _dتوفي 1033 هجري. _tرفع الشبهة والغرر عمن يحتج على فعل المعاصي بالقدر |
| 942 |
_2ddc _cBOOK _n0 |
||
| 949 |
_aSA-JeALM _d250913 _umohamedma123 _n1 |
||
| 999 |
_c11812 _d11812 |
||